00334nam a2200133Ia 4500008004100000100001700041245006100058250001200119260001500131300000800146650002400154942000700178999001500185190216s9999||||xx |||||||||||||| ||und|| aJean Barriol 0aElements Of Quantum Mechanics With Chemical Applications a1st Ed. bNullc1971 a377 aChemistry-Chemistry cBK c2436d2436